Vecná charakteristika merania výkonnosti podniku pomocou HGN

Príspevok prezentuje novovytvorený model výkonnosti vypracovaný na vzorke 233 slovenských nefinančných podnikov dosahujúcich zisk v hodnotenom období. Podniky (a.s. a s.r.o.) pôsobili v rôznych odvetviach a regiónoch Slovenska. Prezentovaný model bol vypracovaný ako bonitný model, ktorého cieľom je...

Full description

Saved in:
Bibliographic Details
Main Author: Hyránek, Eduard, 1955-
Format: Book Chapter
Language:Slovak
Subjects:
Tags: Add Tag
No Tags, Be the first to tag this record!

MARC

LEADER 00000nla a2200000 4500
001 0228766
005 20240502083616.5
041 0 |a slo 
044 |a CZ 
245 1 0 |a Vecná charakteristika merania výkonnosti podniku pomocou HGN  |c Eduard Hyránek 
520 |a Príspevok prezentuje novovytvorený model výkonnosti vypracovaný na vzorke 233 slovenských nefinančných podnikov dosahujúcich zisk v hodnotenom období. Podniky (a.s. a s.r.o.) pôsobili v rôznych odvetviach a regiónoch Slovenska. Prezentovaný model bol vypracovaný ako bonitný model, ktorého cieľom je aj predikovať budúcu výkonnosť a výnosový potenciál slovenských podnikov. Model bol vypracovaný a testovaný tak, aby bol vhodným nástrojom pre tvorbu finančného plánu podniku. Do modelu boli implantované ukazovatele, ktoré umožňujú nielen predikovať prosperitu, resp. tvorbu hodnoty pre vlastníkov, ale aj napomôcť pri plánovaní budúcich zámerov. 
610 2 0 |a výkonnosť podniku 
610 2 0 |a meranie výkonnosti 
610 2 0 |a modelovanie 
610 2 0 |a ukazovatele pomerové 
610 2 0 |a rozhodovanie finančné 
100 1 |a Hyránek, Eduard, 1955-